NBA Daily Trivia #4 - Statistics

General Stats
  • This quiz has been taken 113 times
  • The average score is 6 of 11
Answer Stats
Picture Answer % Correct
Victor Wembanyama
95%
Chet Holmgren
84%
Brandon Miller
75%
Scoot Henderson
67%
Brandin Podziemski
58%
Jaime Jaquez Jr.
57%
Ausar Thompson
43%
Bilal Coulibaly
38%
Keyonte George
36%
Cason Wallace
33%
Toumani Camara
18%
No matching quizzes found
Score Distribution
Percent of People with Each Score
Percentile by Number Answered
Your Score History
You have not taken this quiz